[Event "Salta op"]
[Site "Salta"]
[Date "1993.??.??"]
[Round "4"]
[White "Garbarino, Rodolfo"]
[Black "Balduzzi, Reynaldo"]
[Result "1-0"]
[WhiteElo "2405"]
[BlackElo "2370"]

1.e4 g6 2.d4 Bg7 3.Nc3 d6 4.Bc4 c6 5.Nf3 Nf6 6.e5 dxe5 7.Nxe5 O-O 8.O-O Nbd7
9.Bg5 Nb6 10.Bb3 a5 11.a4 Bf5 12.Re1 Nbd5 13.Qc1 Rc8 14.Ne2 Qd6 15.Bh6 Rfd8
16.Ra3 c5 17.c3 Qb6 18.Bxg7 Kxg7 19.Ng3 Be6 20.dxc5 Qxc5 21.h4 Nc7 22.h5 Qb6
23.Bc2 Rd5 24.c4 Rxe5 25.Rxe5 Ng4 26.c5 Qb4 27.Rg5 Nd5 28.hxg6 hxg6 29.Nh5+ Kf8
30.Rxg4 Qxg4 31.Qh6+ Ke8 32.Ng7+ Kd7 33.Nxe6 Qxe6 34.Qd2 Rxc5 35.Rd3 Kc6
36.Bb3 Qe5 37.Rf3 f5 38.g3 Qe4 39.Rd3 e6 40.Rd4 Qe5 41.Bc4 g5 42.b3 f4 43.gxf4 Nxf4
44.Bb5+ Rxb5 45.axb5+ Kxb5 46.Ra4 Qc7 47.Rc4 Qh7 48.Qe3 Qb1+ 49.Kh2 Qh7+
50.Kg1  1-0

[Event "San Sebastian op"]
[Site "San Sebastian"]
[Date "1993.??.??"]
[Round "?"]
[White "Pastor Pons, Carlos"]
[Black "Soloviov, Sergei"]
[Result "1-0"]
[WhiteElo "2320"]
[BlackElo "2420"]

1.e4 g6 2.d4 Bg7 3.Nc3 d6 4.Nf3 a6 5.a4 b6 6.Bc4 e6 7.O-O Bb7 8.Re1 Nd7 9.Bg5 Ne7
10.Qd2 h6 11.Be3 Nf6 12.Bd3 d5 13.e5 Ne4 14.Qc1 c5 15.Bf4 Nxc3 16.bxc3 c4
17.Bf1 Bc6 18.Qa3 O-O 19.Reb1 Nc8 20.Ra2 Qd7 21.Rba1 a5 22.Qc1 Kh7 23.h3 Ne7
24.Nh2 Ra7 25.Ng4 Ng8 26.h4 Qe7 27.g3 Rfa8 28.Qb2 Rb7 29.Be2 Qd8 30.Kg2 b5
31.axb5 Rxb5 32.Qc1 Rb7 33.Qh1 a4 34.Bg5 Qa5 35.Ra3 Rb2 36.Bc1 Rxc2 37.Qd1 Rxc3
38.Bd2 Rxa3 39.Bxa5 Rxa1 40.Qxa1 Rxa5 41.Qa3 Ra8 42.Qc5 Bd7 43.Qc7 a3 44.Qb7 Ra5
45.Ne3 Ba4 46.Qb4 Ra8 47.Qxa3 Bf8 48.Qa1 Ne7 49.Bd1 Bc6 50.Qb1 Ra5 51.Qb6 Ra3
52.h5 Ba4 53.Qb4 Rxe3 54.Qxa4 Rd3 55.Bc2 Rd2 56.hxg6+ fxg6 57.Qe8 Kg7 58.Ba4 Ra2
59.Bd7 Ra6 60.Qb8 c3 61.Qc7 Kf7 62.Qxc3 Ra7 63.Bb5 Nf5 64.Bd3 Ne7 65.g4 Bg7
66.Bb5 g5 67.Qf3+ Kg8 68.Be8 Nc8 69.Qb3 Kf8 70.Bg6 Ke7 71.Qc3 Kd8 72.Qc6 Re7
73.Bd3 Na7 74.Qb6+ Ke8 75.Qb8+ Kf7 76.Qb1 Nc6 77.Bg6+ Kg8 78.Qb6 Na7 79.Qd8+ Bf8
80.Bb1 Nb5 81.Qb6 Nc7 82.Bd3 Bg7 83.Qc6 Bf8 84.Bb1 Bg7 85.Qc2 Nb5 86.Qc5 Bf8
87.Qxb5 Kf7 88.Qd3 Bg7 89.Qg6+ Kf8 90.Bf5  1-0

[Event "San Sebastian op"]
[Site "San Sebastian"]
[Date "1993.??.??"]
[Round "?"]
[White "De la Villa Garcia, Jesus Maria"]
[Black "Soloviov, Sergei"]
[Result "1-0"]
[WhiteElo "2440"]
[BlackElo "2420"]

1.e4 g6 2.d4 Bg7 3.Nc3 d6 4.g3 a6 5.Bg2 b5 6.Nge2 Bb7 7.O-O e6 8.Be3 Nd7
9.Qd2 h6 10.f4 Ne7 11.Rae1 Rb8 12.h3 h5 13.a3 d5 14.f5 gxf5 15.exd5 exd5
16.g4 hxg4 17.hxg4 fxg4 18.Bg5 f6 19.Nf4 O-O 20.Ne6 Qe8 21.Nxg7 Kxg7 22.Bh6+ Kh7
23.Bxf8 Qxf8 24.Qf4 Qg7 25.Qxc7 Ng8 26.Re6 g3 27.Re3 f5 28.Rxg3 Qxd4+ 29.Kh2 Nf6
30.Rf4  1-0

[Event "Wuerttemberg-ch"]
[Site "Schramberg"]
[Date "1993.??.??"]
[Round "9"]
[White "Holzhaeuer, Mathias"]
[Black "Martynov, Pavel"]
[Result "0-1"]
[WhiteElo "2340"]
[BlackElo "2425"]

1.e4 g6 2.d4 Bg7 3.Nc3 d6 4.f4 e6 5.Nf3 Ne7 6.Be3 b6 7.Qd2 Bb7 8.O-O-O Nd7
9.Be2 O-O 10.h4 Nf6 11.Ng5 h6 12.Bf3 hxg5 13.hxg5 Nd7 14.g4 Re8 15.Rh3 c5
16.dxc5 Nxc5 17.Rdh1 Kf8 18.f5 exf5 19.exf5 gxf5 20.Bxb7 Nxb7 21.Rh8+ Ng8
22.g6 Rxe3 23.gxf7 Kxf7 24.Qxe3 Qf6 25.Qf3 Rb8 26.R8h5 Ne7 27.gxf5 Nc5 28.Rg1 Rg8
29.Kb1 d5 30.Nd1 Ne4 31.Qd3 Qd4 32.Qxd4 Bxd4 33.Rxg8 Kxg8 34.c3 Bc5 35.b4 Bd6
36.Ne3 Nxc3+ 37.Kc2 Ne4 38.b5 Kg7 39.Rh1 Kf6 40.Rh6+ Kg5 41.Rh7 Nf6 42.Rf7 Bc5
43.Kd3 Nd7 44.Kd2 Ne5 45.Rf8 d4 46.Nd1 Nxf5 47.Ra8 Bb4+ 48.Kc1 Ne3 49.Rxa7 Nd3+  0-1

[Event "SCO-ch100"]
[Site "?"]
[Date "1993.??.??"]
[Round "?"]
[White "Shaw, John"]
[Black "McNab, Colin Anderson"]
[Result "0-1"]
[WhiteElo "2260"]
[BlackElo "2490"]

1.e4 g6 2.d4 Bg7 3.Nc3 d6 4.g3 Nc6 5.Be3 Nf6 6.h3 e5 7.dxe5 Nxe5 8.f4 Ned7
9.Bg2 O-O 10.Nge2 Qe7 11.Qd2 Nb6 12.b3 Re8 13.O-O Bxh3 14.Bxh3 Nxe4 15.Nxe4 Qxe4
16.Kf2 Nd5 17.Bd4 Qxe2+ 18.Qxe2 Bxd4+ 19.Kf3 Rxe2 20.Kxe2 Re8+  0-1

[Event "Silvaplana (Women)"]
[Site "Silvaplana"]
[Date "1993.??.??"]
[Round "?"]
[White "Ankerst, Milka"]
[Black "Ramseier, Jana S"]
[Result "1-0"]
[WhiteElo "2130"]
[BlackElo "2140"]

1.e4 g6 2.d4 Bg7 3.Nc3 d6 4.f4 Nf6 5.Nf3 O-O 6.Bd3 Nbd7 7.e5 Ne8 8.Ng5 Nb6
9.Be3 c6 10.h4 f6 11.Nxh7 f5 12.h5 Kxh7 13.hxg6+ Kg8 14.Qh5 Nf6 15.exf6 Rxf6
16.Qh7+ Kf8 17.Qh8+  1-0

[Event "SLO-chT"]
[Site "?"]
[Date "1993.??.??"]
[Round "?"]
[White "Sermek, Drazen"]
[Black "Kljako, Damir"]
[Result "1-0"]
[WhiteElo "2460"]
[BlackElo "2295"]

1.e4 d6 2.d4 g6 3.Nc3 Bg7 4.Bc4 Nf6 5.Nf3 c6 6.Qe2 O-O 7.e5 dxe5 8.dxe5 Nd5
9.Bd2 Be6 10.O-O-O Nd7 11.Ng5 Nxc3 12.Bxc3 Bxc4 13.Qxc4 e6 14.Nxe6 fxe6 15.Qxe6+ Rf7
16.Qc4 b5 17.Qg4 Qc7 18.e6 Rf4 19.Rxd7 Bxc3 20.Qh3 Bxb2+ 21.Kb1 Qxd7 22.exd7 Bf6
23.a3 Rf5 24.Re1 Kg7 25.g4 Rxf2 26.Qe3 Rxh2 27.g5  1-0

[Event "SLO-chT"]
[Site "?"]
[Date "1993.??.??"]
[Round "?"]
[White "Supancic, Darko"]
[Black "Praznik, Anton"]
[Result "1/2-1/2"]
[WhiteElo "2375"]
[BlackElo "2305"]

1.d4 g6 2.e4 Bg7 3.Nc3 d6 4.Nf3 Nf6 5.Bf4 Nc6 6.d5 e5 7.dxe6 Bxe6 8.Qd2 d5
9.Ng5 O-O 10.Bb5 Qe7 11.O-O Nxe4 12.Ngxe4 dxe4 13.Bxc6 bxc6 14.Nxe4 Bd5 15.Nc3  1/2-1/2

[Event "SLO-chT"]
[Site "?"]
[Date "1993.??.??"]
[Round "?"]
[White "Justin, Matijaz"]
[Black "Stucl, Bozo"]
[Result "1/2-1/2"]
[WhiteElo "2385"]
[BlackElo "2170"]

1.e4 d6 2.d4 g6 3.Nc3 Bg7 4.f4 Nf6 5.Nf3 O-O 6.Bd3 c6 7.O-O b5 8.Qe1 b4 9.Ne2 Qb6
10.Kh1 Ba6 11.e5 Nd5 12.Bxa6 Nxa6 13.Qh4 Qb5 14.Ng3 Qc4 15.exd6 exd6 16.f5 Rae8
17.Bh6 f6 18.Bxg7 Kxg7 19.Ne4 Qxc2 20.Nxd6 Re2 21.Rac1 Qd3 22.Rfd1 Qe3 23.fxg6 hxg6
24.Rxc6 Nb8 25.Qg3 Qe6 26.Rcc1 Rd8 27.Nc4 Nc6 28.Re1 Nce7 29.Ng1 Rxe1 30.Rxe1 Qa6
31.Qb3 Nf5 32.Nf3 Qc6 33.Ncd2 Rc8 34.a3 a5 35.axb4 axb4 36.Nf1 Rc7 37.Ng3 Nfe3
38.Nf1 Nf5 39.Ng3 Nfe3  1/2-1/2

[Event "SLO-chT"]
[Site "?"]
[Date "1993.??.??"]
[Round "?"]
[White "Ankerst, Milka"]
[Black "Petek, Francka"]
[Result "1-0"]
[WhiteElo "2130"]
[BlackElo "2035"]

1.e4 g6 2.d4 Bg7 3.Nc3 d6 4.f4 Nf6 5.Nf3 Bg4 6.Be3 c6 7.Bd3 Nbd7 8.h3 Bxf3
9.Qxf3 e5 10.dxe5 dxe5 11.f5 Qa5 12.Qf2 O-O-O 13.O-O a6 14.a3 c5 15.Rfb1 Qc7
16.b4 c4 17.Be2 gxf5 18.Qxf5 b6 19.Rd1 Rhe8 20.Nd5 Nxd5 21.Rxd5 f6 22.Rad1 Re7
23.Bg4 Bf8 24.Rd6  1-0

[Event "St Ingbert op"]
[Site "St Ingbert"]
[Date "1993.??.??"]
[Round "6"]
[White "Jahr, Ulrich"]
[Black "Mueller, Markus"]
[Result "1-0"]
[WhiteElo "2190"]
[BlackElo "2215"]

1.e4 g6 2.d4 Bg7 3.Nc3 d6 4.Bc4 Nf6 5.Qe2 e5 6.Nf3 Nbd7 7.Bg5 c6 8.O-O-O b5
9.dxe5 dxe5 10.Bxf7+ Kxf7 11.Nxe5+ Nxe5 12.Rxd8 Rxd8 13.f4 Nc4 14.e5 Re8
15.b3 Nb6 16.Qf3 Nfd5 17.Ne4 Bf8 18.g4 Bd7 19.h4 a5 20.h5 Ba3+ 21.Kb1 Rh8
22.f5 gxf5 23.gxf5 Bc8 24.e6+ Ke8 25.h6 Be7 26.Qh5+ Kd8 27.f6 Bxe6 28.fxe7+ Nxe7
29.Bxe7+  1-0

[Event "St Petersburg op"]
[Site "St Petersburg"]
[Date "1993.??.??"]
[Round "?"]
[White "Sivokho, Sergey"]
[Black "Korotylev, Alexey"]
[Result "0-1"]
[WhiteElo "2340"]
[BlackElo "2420"]

1.e4 d6 2.d4 g6 3.Nc3 Bg7 4.Be3 c6 5.f4 Nd7 6.Nf3 Ngf6 7.h3 b5 8.e5 Nh5 9.Ne2 c5
10.c3 Bb7 11.Kf2 dxe5 12.dxe5 Qc7 13.Qc2 Bxf3 14.Kxf3 f5 15.Kf2 O-O 16.g3 Nxe5
17.Bg2 Nc4 18.Bxa8 Nxe3 19.Kxe3 Rxa8 20.Qb3+ Kh8 21.Qe6 Nf6 22.Rhd1 Qb7 23.Kf2 a5
24.g4 fxg4 25.hxg4 b4 26.Rab1 Rf8 27.Rh1 g5 28.Kg1 bxc3 29.Nxc3 Qf3 30.Qe2 Qg3+
31.Qg2 Qxf4 32.Rh3 Nxg4 33.Ne2 Bd4+ 34.Nxd4 Qxd4+ 35.Kh1 Nf2+ 36.Kh2 Nxh3
37.Qxh3 Rf2+ 38.Kh1 Rf4 39.Qc3 Qxc3 40.bxc3 a4 41.Rb7 Rc4 42.Rxe7 Rxc3 43.Rc7 a3
44.Kg2 Kg8 45.Kf2 h6 46.Ke2 Rc2+ 47.Kf3 Rxa2 48.Rxc5 Kg7 49.Rc6 Rb2 50.Ra6 a2
51.Ke4 Rf2 52.Ke3 Rf6 53.Rxa2 Kg6 54.Ra1 g4 55.Ke4 Kg5 56.Ke5 Rf8 57.Ra7 Re8+
58.Kd4 h5 59.Rb7 g3 60.Kd3 Kg4  0-1

[Event "St Petersburg op"]
[Site "St Petersburg"]
[Date "1993.??.??"]
[Round "?"]
[White "Sivokho, Sergey"]
[Black "Shchekachev, Andrei"]
[Result "0-1"]
[WhiteElo "2340"]
[BlackElo "2475"]

1.e4 d6 2.d4 g6 3.Nc3 Bg7 4.Be3 c6 5.Qd2 Nd7 6.O-O-O Qa5 7.Kb1 b5 8.h4 Nb6
9.Bd3 Nf6 10.f3 Rb8 11.Nce2 Qxd2 12.Bxd2 a6 13.g4 c5 14.c3 h5 15.g5 Nfd7
16.f4 Bb7 17.Rh2 b4 18.cxb4 cxd4 19.Ng3 O-O 20.Rc1 Rfc8 21.N1e2 e5 22.f5 a5
23.a3 axb4 24.axb4 Bf8 25.Rf2 Rxc1+ 26.Nxc1 Rc8 27.Nb3 Ba8 28.Na5 Kg7 29.b3 d5
30.fxg6 fxg6 31.Kb2 dxe4 32.Nxe4 Nd5 33.Bc4 N7b6 34.Ba6 Rd8 35.Nb7 Bxb7 36.Bxb7 Bxb4
37.Bxb4 Nxb4 38.Nc5 Rd6 39.Be4 N6d5 40.Rf1 Nc3 41.Ra1 Na6 42.Nxa6 Nxe4 43.Nb4 d3
44.Na2 d2 45.Kc2 Rc6+ 46.Kd3 d1=Q+ 47.Rxd1 Nf2+ 48.Ke2 Nxd1 49.Kxd1 Kf7 50.Kd2 Ke6
51.Nb4 Rd6+ 52.Kc3 e4 53.Nc2 Ke5 54.b4 Kf4 55.b5 e3  0-1

[Event "St Petersburg op"]
[Site "St Petersburg"]
[Date "1993.??.??"]
[Round "?"]
[White "Belikov, Vladimir"]
[Black "Tseshkovsky, Vitaly"]
[Result "1/2-1/2"]
[WhiteElo "2450"]
[BlackElo "2495"]

1.e4 g6 2.d4 Bg7 3.Nc3 d6 4.Be3 c6 5.Qd2 b5 6.Bd3 a6 7.Nf3 Nd7 8.a4 Bb7 9.O-O Ngf6
10.h3 O-O 11.e5 Ne8 12.Bh6 dxe5 13.Nxe5 Nef6 14.Bxg7 Kxg7 15.Rfe1 b4 16.Ne2 c5
17.Qe3 Rc8 18.Rad1 Qc7 19.Nxd7 Qxd7 20.dxc5 Qc6 21.f3 Rfe8 22.Nc1 Qxc5 23.Qxc5 Rxc5
24.Nb3 Rc7 25.Na5 Bd5 26.b3 e6 27.Nc4 Rb8 28.a5 Rc5 29.Ra1 Nh5 30.Nb6 Rb7
31.Nxd5 exd5 32.Bxa6 Ra7 33.Bd3 Rcxa5 34.Rxa5 Rxa5 35.Re7 Nf4 36.Rb7 Ra1+
37.Kf2 Rd1 38.Rxb4 Rxd3 39.Rxf4 Rd2+ 40.Kg3 Rxc2 41.Rd4 Rc3 42.b4 Rb3 43.Rxd5 Rxb4  1/2-1/2

[Event "St Petersburg op"]
[Site "St Petersburg"]
[Date "1993.??.??"]
[Round "?"]
[White "Minnullin, Albert"]
[Black "Tseshkovsky, Vitaly"]
[Result "0-1"]
[WhiteElo "2300"]
[BlackElo "2495"]

1.e4 g6 2.Nc3 Bg7 3.d4 d6 4.Be3 c6 5.a4 Nf6 6.h3 O-O 7.Nf3 Na6 8.Bxa6 bxa6
9.a5 Rb8 10.b3 Bb7 11.e5 Ne8 12.O-O Nc7 13.exd6 exd6 14.Bg5 Qd7 15.Ne4 f5
16.Ng3 f4 17.Ne2 Ne6 18.Qd2 Qf7 19.d5 cxd5 20.Ra4 d4 21.Nexd4 Bxd4 22.Rxd4 Bxf3
23.Bh6 Nxd4 24.Bxf8 Qd5 25.Kh2 Bxg2 26.c4 Nf3+  0-1

[Event "St Petersburg op"]
[Site "St Petersburg"]
[Date "1993.??.??"]
[Round "?"]
[White "Varlamov, Viacheslav"]
[Black "Galdunts, Sergey"]
[Result "0-1"]
[WhiteElo "2305"]
[BlackElo "2450"]

1.e4 g6 2.d4 Bg7 3.Nc3 d6 4.Nf3 c6 5.a4 a5 6.Be3 Nf6 7.h3 Na6 8.Be2 O-O 9.O-O Qc7
10.Nd2 e5 11.dxe5 dxe5 12.Bxa6 Rxa6 13.Qe2 Nh5 14.Rfd1 Nf4 15.Qf1 Qe7 16.Nb3 b6
17.Kh2 Qb4 18.f3 Ne6 19.Qf2 f5 20.exf5 gxf5 21.Na2 Qxa4 22.Nc3 Qb4 23.Ra4 Qe7
24.Bxb6 Qb7 25.Be3 Rf7 26.Nc5 Nxc5 27.Bxc5 Rd7 28.Raa1 Qxb2 29.Rxd7 Bxd7
30.Rd1 Qb7 31.Qh4 Be8 32.Qc4+ Kh8 33.Rb1 Qc8 34.Na4 Ra8 35.Nb6 Qb7 36.Qe6 Rb8
37.Bd6 Bf7 38.Qxf5 Bg6 39.Qg5 Re8 40.Bc5 Qf7 41.Qe3 Bxc2 42.Re1 Rd8 43.Re2 Bb3
44.g3 Bd1 45.Rf2 Qb3 46.Qg5 Rd3 47.Nc8 Qe6 48.Ne7 Bxf3 49.Rb2 h6 50.Qh4 Rd1
51.Bg1 e4 52.Rc2 Kh7 53.Nxc6 Qd5 54.Qf4 Rxg1  0-1

[Event "Rilton Cup op9394"]
[Site "Stockholm"]
[Date "1993.??.??"]
[Round "5"]
[White "Brynell, Stellan"]
[Black "Ahlander, Bjorn"]
[Result "1/2-1/2"]
[WhiteElo "2470"]
[BlackElo "2415"]

1.e4 g6 2.d4 Bg7 3.Nc3 d6 4.Nf3 Nf6 5.h3 O-O 6.Be3 c6 7.a4 a5 8.Be2 Na6 9.O-O Nb4
10.Qd2 Bd7 11.Bh6 Qc7 12.e5 dxe5 13.dxe5 Nfd5 14.Ne4 Bf5 15.Ng3 Bxc2 16.Bxg7 Kxg7
17.Nd4 Qxe5 18.Nxc2 Qxb2 19.Qd4+ Qxd4 20.Nxd4 e5 21.Nb3 b6 22.Rac1 f5 23.Rfd1 Rfd8
24.Nf1 Rac8 25.Bc4 Kf6 26.Rd2 Nf4 27.Rcd1 Rxd2 28.Rxd2 Nfd5 29.Ne3 Rd8 30.Be2 Ke7
31.Nd1 Nf4 32.Bc4 Nfd3 33.Kf1 e4 34.Nc3 h6 35.g3 Rd6 36.Ke2 Kf6 37.Ke3 g5
38.f3 Ke7 39.fxe4 f4+ 40.gxf4 gxf4+ 41.Ke2 f3+ 42.Kf1 Ne5 43.Rxd6 Kxd6 44.Bg8 Nbd3
45.Nb1 Nf4 46.h4 Ng2 47.N1d2 Nxh4 48.Kf2 Nhg6 49.Nxf3 Ng4+ 50.Ke2 Nf6 51.Bf7 Ne5
52.Nxe5 Kxe5 53.Nd2 Nxe4 54.Nc4+ Kd4 55.Nxb6 Nd6 56.Bg6 Kc3 57.Nd7 Kb4 58.Ne5 c5
59.Nd3+ Kxa4 60.Nxc5+ Kb5 61.Ne4 Nc4 62.Nd2 Ne5 63.Be8+ Kb4 64.Ke3 Ng4+ 65.Kf4 Nf6
66.Bc6 Kc5 67.Ba4 Nd5+ 68.Kg4 Kb4 69.Kh5 Kxa4 70.Nc4 Kb4 71.Nxa5 Kxa5 72.Kxh6  1/2-1/2

[Event "Stribrna Skalice"]
[Site "Stribrna Skalice"]
[Date "1993.??.??"]
[Round "4"]
[White "Keitlinghaus, Ludger"]
[Black "Sogaard, Soren"]
[Result "1-0"]
[WhiteElo "2455"]
[BlackElo "2290"]

1.e4 g6 2.d4 Bg7 3.Nc3 d6 4.Nf3 a6 5.a4 Nc6 6.d5 Nb4 7.a5 e5 8.Bg5 f6 9.Be3 c5
10.dxc6 bxc6 11.Bb6 Qe7 12.Ra4 c5 13.Nd2 Nh6 14.Rxb4 cxb4 15.Nd5 Qb7 16.Nc7+ Ke7
17.Bc4 Bd7 18.Nd5+ Kf7 19.Qe2 Rhc8 20.Nxb4+ Be6 21.Bd3 f5 22.c3 d5 23.exd5 Bxd5
24.Nxd5 Qxd5 25.O-O e4 26.Bxa6 Rxa6 27.Qxa6 Rc6 28.Qb7+ Kg8 29.a6  1-0

[Event "FRM-ch"]
[Site "Struga"]
[Date "1993.??.??"]
[Round "4"]
[White "Mitkov, Marjan"]
[Black "Jacimovic, Dragoljub"]
[Result "1/2-1/2"]
[WhiteElo "2325"]
[BlackElo "2405"]

1.d4 d6 2.e4 g6 3.Nc3 Bg7 4.g3 e5 5.dxe5 dxe5 6.Qxd8+ Kxd8 7.Bc4 f6 8.Be3 c6
9.O-O-O+ Ke8 10.a4 Bh6 11.f4 Nd7 12.Re1 Ne7 13.Nf3 Nb6 14.Bb3 Bg4 15.Rhf1 Rf8
16.h3 Bxf3 17.Rxf3 exf4 18.gxf4 Rd8 19.Ne2 Nd7 20.Nd4 Nc5 21.Ne6 Nxe6 22.Bxe6 b6
23.b4 Rd6 24.Bb3 Kd7 25.a5 Kc7 26.axb6+ axb6 27.c4 Rd7 28.Kc2 Nc8 29.c5 Re8
30.Bf2 Kb7  1/2-1/2

[Event "SWZ-chT"]
[Site "?"]
[Date "1993.??.??"]
[Round "?"]
[White "Iten, Peter"]
[Black "Batchinsky, Stephane"]
[Result "1/2-1/2"]
[WhiteElo "2260"]
[BlackElo "2340"]

1.e4 g6 2.d4 Bg7 3.Nc3 d6 4.Be2 a6 5.h4 h5 6.Nh3 b5 7.a3 Nd7 8.Ng5 Nh6 9.Be3 Bb7
10.f3 c5 11.Qd2  1/2-1/2

[Event "Szeged op"]
[Site "Szeged"]
[Date "1993.??.??"]
[Round "2"]
[White "Karacsony, Attila"]
[Black "Blazsik, Zoltan"]
[Result "0-1"]
[WhiteElo "2250"]
[BlackElo "2065"]

1.e4 g6 2.d4 Bg7 3.Nc3 d6 4.f4 Nf6 5.Nf3 O-O 6.Bd3 c5 7.dxc5 dxc5 8.Qe2 Qb6
9.e5 Nh5 10.Nd5 Qd8 11.c4 Bg4 12.Be3 e6 13.Nc3 Bxf3 14.gxf3 Qh4+ 15.Qf2 Nxf4
16.Qxh4 Ng2+ 17.Kf2 Nxh4 18.Bxc5 Rd8 19.Be4 Nc6 20.Bxc6 bxc6 21.Bd6 g5 22.Rhe1 a5
23.Ne4 h6 24.Rac1 Ng6 25.Ng3 a4 26.Nh5 Bh8 27.c5 Rd7 28.Rc4 Rb7 29.Re2 a3
30.b4 Rb5 31.Nf6+ Kg7 32.Nh5+ Kh7 33.Ree4 Ra4 34.Nf6+ Bxf6 35.exf6 e5 36.Ke3 Nf4
37.Bxe5 Nd5+ 38.Kd2 Raxb4 39.Bc3 Rb2+ 40.Bxb2 axb2 41.Rc1 bxc1=Q+ 42.Kxc1 Rxc5+
43.Kb2 Kg6  0-1

[Event "DEN-ch"]
[Site "Tonder"]
[Date "1993.??.??"]
[Round "7"]
[White "Mortensen, Erling"]
[Black "Hoi, Carsten"]
[Result "1-0"]
[WhiteElo "2445"]
[BlackElo "2415"]

1.e4 g6 2.d4 Bg7 3.Nc3 d6 4.f4 Nf6 5.Bd3 O-O 6.Nf3 Na6 7.O-O c5 8.d5 Bg4
9.Bc4 Nd7 10.h3 Bxf3 11.Qxf3 Nc7 12.a4 a6 13.Qd3 Rb8 14.a5 Qc8 15.Na4 Kh8
16.Bd2 b5 17.axb6 Nxb6 18.Nxb6 Rxb6 19.Bc3 Nb5 20.Bxg7+ Kxg7 21.c3 f6 22.Qg3 Nc7
23.b3 Nb5 24.Rfe1 Rf7 25.Re3 Qf8 26.h4 Kh8 27.Qh3 Qh6 28.Qc8+ Rf8 29.Qg4 Rg8
30.Rf3 f5 31.Qg3 fxe4 32.Re3 Qg7 33.Rae1 Re8 34.Bxb5 axb5 35.Rxe4 b4 36.c4 Ra6
37.Kh2 Ra1 38.R1e3 Ra7 39.Re6 Rd7 40.Qg5 Qf7 41.g4 Ra7 42.Kh3 Rd7 43.f5 gxf5
44.Qxf5 Qg8 45.Rh6 Ra7 46.g5 Qg7 47.Rf6 Kg8 48.Qe6+ Kh8 49.Qf5 Kg8 50.Rxd6 Rf8
51.Qe6+ Kh8 52.Rc6 Qd4 53.Rc8 Qg7 54.Rf3  1-0

[Event "EU-ch U18"]
[Site "Vejen"]
[Date "1993.??.??"]
[Round "11"]
[White "Ceteras, Marius"]
[Black "Masserey, Yvan"]
[Result "1/2-1/2"]
[WhiteElo "2330"]
[BlackElo "2320"]

1.d4 g6 2.e4 Bg7 3.Nc3 d6 4.h3 Nf6 5.Nf3 O-O 6.Be3 a6 7.a4 Nfd7 8.Be2 c5
9.d5 Qa5 10.O-O f5 11.exf5 gxf5 12.Bg5 Rf7 13.Nd2 Ne5 14.Bh5 Ng6 15.Re1 Qd8
16.Nc4 b6 17.Ne2 Bf6 18.Bxf6 Rxf6 19.Ra3 Nd7 20.Bxg6 hxg6 21.Nf4 Nf8 22.Rae3 b5
23.axb5 axb5 24.Nd2 Ra7 25.Qe2 g5 26.Nh5 Rh6 27.g4 fxg4 28.hxg4 Ng6 29.f3 Qf8
30.Re4 Bb7 31.Re6 Bc8 32.Re4 Bb7 33.Re6 Bc8  1/2-1/2

[Event "Velden op"]
[Site "Velden"]
[Date "1993.??.??"]
[Round "8"]
[White "Mencinger, Vojko"]
[Black "Lechtynsky, Jiri"]
[Result "1/2-1/2"]
[WhiteElo "2360"]
[BlackElo "2380"]

1.e4 d6 2.d4 g6 3.Nc3 Bg7 4.Be3 a6 5.f4 e6 6.Nf3 Ne7 7.Be2 b6 8.O-O Bb7 9.Bd3 Nd7
10.f5 exf5 11.exf5 Nf6 12.Qe1 Qd7 13.Bg5 O-O-O 14.Bxf6 Bxf6 15.Ne4 Bxe4 16.Qxe4 d5
17.Bxa6+ Kb8 18.Qd3 Nxf5 19.Bb5 c6 20.Ba4 Rhe8 21.Rae1 Rxe1 22.Rxe1 Re8 23.c3 Rxe1+
24.Nxe1 Kb7 25.Qe2 Qe7 26.Qxe7+ Bxe7 27.Nd3 Bd6 28.b4 Ne3 29.Bb3 b5 30.a4 bxa4
31.Bxa4 Ng4 32.g3 Nf6 33.Nf2 Kb6 34.Kg2 Bf8 35.Kf3 h5 36.h3 Bd6 37.g4 hxg4+
38.hxg4 Nh7 39.Nh3 Bf8 40.Kf4 Bh6+ 41.Ke5 Kc7 42.b5 Bg7+ 43.Kf4 cxb5 44.Bxb5 Kd6
45.Be8 Ke7 46.Bc6 Kd6 47.Be8 Bh6+ 48.g5 Nxg5 49.Nxg5 Ke7 50.Bc6 f6 51.Bxd5 Bxg5+
52.Kf3 Bd2 53.c4 f5 54.Bb7 g5 55.c5 g4+ 56.Ke2 Ba5 57.Kd3 f4 58.Ke4 f3 59.Kf4 f2
60.Bg2 Bd2+ 61.Ke5 Bb4 62.Kd5 Kd7 63.Kc4 Bd2  1/2-1/2

[Event "Vicente Lopez op"]
[Site "Vicente Lopez"]
[Date "1993.??.??"]
[Round "4"]
[White "Mendez, Ernesto"]
[Black "Quinteros, Miguel A"]
[Result "1-0"]
[WhiteElo "2385"]
[BlackElo "2505"]

1.d4 g6 2.e4 Bg7 3.Nc3 d6 4.Be3 c6 5.Qd2 b5 6.f3 a6 7.Nge2 Nd7 8.g4 Bb7 9.h4 Qc7
10.h5 b4 11.Nd1 c5 12.Nf2 Nb6 13.b3 a5 14.a3 Nf6 15.axb4 axb4 16.Rxa8+ Bxa8
17.Bg2 Nfd7 18.f4 Bc6 19.h6 Bf8 20.d5 Bb5 21.g5 e5 22.dxe6 fxe6 23.Bh3 Kf7
24.O-O Be7 25.Ng4 Rf8 26.f5 exf5 27.exf5 gxf5 28.Rxf5+ Kg8 29.Ng3 d5 30.Rxf8+ Bxf8
31.Nh5 Qd6 32.Qf2 Qe7 33.Ngf6+ Kh8 34.Bf5 d4 35.Bf4 Be2 36.Ng3 Bb5 37.Nxh7 Nd5
38.Nxf8 Nxf4 39.Qxf4 Qxf8 40.g6  1-0

[Event "Voskresensk2"]
[Site "Voskresensk"]
[Date "1993.??.??"]
[Round "?"]
[White "Kozlov, Vladimir N"]
[Black "Belov, Igor"]
[Result "1/2-1/2"]
[WhiteElo "2280"]
[BlackElo "2445"]

1.e4 d6 2.d4 g6 3.Nc3 Bg7 4.f4 Nc6 5.Nf3 Bg4 6.Bb5 Bxf3 7.gxf3 a6 8.Bxc6+ bxc6
9.Be3 e6 10.Qd2 Nf6 11.O-O-O O-O 12.f5 exf5 13.exf5 Qd7 14.fxg6 fxg6 15.Bh6 Nh5
16.Bxg7 Qxg7 17.Ne4 Rxf3 18.Qe2 Qf7 19.Rhe1 Rf5 20.Kb1 a5 21.h4 h6 22.Qd2 Kh7
23.Qc3 Qd5 24.Ng3 Nxg3 25.Re7+ Rf7 26.Rxf7+ Qxf7 27.Qxg3 Re8 28.a4 h5 29.Re1 Rxe1+
30.Qxe1 g5 31.hxg5 Kg6 32.Qxa5 Qf1+ 33.Ka2 Qc4+ 34.Kb1 Qf1+ 35.Ka2 Qc4+ 36.Kb1 h4
37.Qe1 Qxd4 38.a5 Kxg5 39.a6 Kg4 40.Qe6+ Kg3 41.Qe1+ Kg4 42.Qe6+ Kg3 43.Qe1+  1/2-1/2

[Event "Werfen"]
[Site "Werfen"]
[Date "1993.??.??"]
[Round "6"]
[White "Baum, Bernd"]
[Black "Hager, Franz"]
[Result "1-0"]
[WhiteElo "2305"]
[BlackElo "2275"]

1.e4 g6 2.d4 Bg7 3.Nc3 d6 4.f4 Nf6 5.Nf3 O-O 6.Bd3 Na6 7.O-O c5 8.d5 Rb8
9.a4 Nb4 10.Bc4 e6 11.dxe6 Bxe6 12.Bxe6 fxe6 13.Ng5 Re8 14.f5 exf5 15.exf5 gxf5
16.Bf4 Ng4 17.Nb5 h6 18.Nh3 Bxb2 19.Rb1 Be5 20.c3 Nc6 21.Qd5+ Kg7 22.Nxd6 Qxd6
23.Qxd6 Bxd6 24.Bxd6 Rbd8 25.Rxb7+ Kg8 26.Bxc5 Rd2 27.Rc7 Nce5 28.Nf4 Nf7
29.h3 Ne3 30.Re1 Rd1 31.Rxd1 Nxd1 32.Bd4 a6 33.Nd5 Ra8 34.Nf6+ Kf8 35.Nd7+ Kg8
36.Nf6+ Kf8 37.Rb7 Rc8 38.Nd7+ Ke8 39.Nf6+ Kf8 40.Nd7+ Ke8 41.Nb6 Rc6 42.Nd5 Rd6
43.c4 Rc6 44.c5 Nd8 45.Re7+  1-0

[Event "Oberliga Wuert9293"]
[Site "Wuerttemberg"]
[Date "1993.??.??"]
[Round "?"]
[White "Gabriel, Josef"]
[Black "Roth, Juergen"]
[Result "0-1"]
[WhiteElo "2240"]
[BlackElo "2255"]

1.e4 g6 2.d4 Bg7 3.Nc3 d6 4.Be3 c6 5.Nf3 Nf6 6.h3 O-O 7.Be2 b5 8.a3 Qc7 9.O-O Nbd7
10.Qd2 a6 11.Bh6 Bb7 12.Bxg7 Kxg7 13.Rad1 c5 14.dxc5 Qxc5 15.Bd3 Nb6 16.Rde1 Rfd8
17.Nd1 Nc4 18.Qe2 Rac8 19.c3 Nh5 20.Kh2 Nf4 21.Qc2 Ne5 22.Be2 Nxe2 23.Qxe2 Nxf3+
24.Qxf3 f5 25.Qg3 fxe4 26.f4 Rf8 27.Ne3 e6 28.Rd1 Rcd8 29.Rd4 Kh8 30.Rfd1 d5
31.Qg5 Qc7 32.g3 Rde8 33.Ng4 Rf5 34.Qh4 Qe7 35.Qxe7 Rxe7 36.h4 Kg7 37.R1d2 Bc6
38.Kg2 h6 39.Rf2 Be8 40.Rf1 g5 41.Ne3 Rf8 42.hxg5 hxg5 43.f5 Ref7 44.g4 Bd7
45.Kg3 exf5 46.gxf5 Bxf5 47.Rxd5 Bg6 48.Rxf7+ Rxf7 49.Ng4 Rf3+ 50.Kg2 Bf5
51.Re5 Kg6 52.Nf2 Re3 53.a4 Kf6 54.Re8 Re1 55.axb5 axb5 56.b3 e3 57.Ne4+ Kg6
58.Re5 g4 59.b4 Re2+ 60.Kg3 Re1 61.Kg2 Bxe4+ 62.Rxe4 Kf5 63.Re8 Kf4 64.Rf8+ Ke4
65.Rd8 Re2+ 66.Kg3 Rd2 67.Rg8 Kd3 68.Rg5 e2 69.Kf2 Rd1  0-1

[Event "Oberliga Wuert9293"]
[Site "Wuerttemberg"]
[Date "1993.??.??"]
[Round "?"]
[White "Holler, Martin"]
[Black "Roth, Juergen"]
[Result "1-0"]
[WhiteElo "2145"]
[BlackElo "2255"]

1.e4 g6 2.d4 d6 3.Nc3 Bg7 4.Be3 Nf6 5.f3 Nc6 6.Qd2 O-O 7.Nge2 e5 8.d5 Nb4
9.g4 c6 10.dxc6 bxc6 11.O-O-O Ne8 12.Ng3 Be6 13.a3 a5 14.h4 Qb8 15.h5 d5
16.Qh2 d4 17.hxg6 fxg6 18.Qxh7+ Kf7 19.Rh6 dxe3 20.Qxg6+ Kg8 21.Qh7+ Kf7
22.Qg6+ Kg8 23.Qxe6+ Rf7 24.Rd7 Nd6 25.Nf5 Qe8 26.Qxe8+ Nxe8 27.Bc4  1-0

[Event "Oberliga Wuert9293"]
[Site "Wuerttemberg"]
[Date "1993.??.??"]
[Round "?"]
[White "Oesterle, Peter"]
[Black "Gazik, Igor"]
[Result "1-0"]
[WhiteElo "2375"]
[BlackElo "2425"]

1.e4 g6 2.d4 Bg7 3.Nc3 d6 4.Be3 Nc6 5.Qd2 e5 6.Nge2 Nf6 7.f3 O-O 8.O-O-O a6
9.g4 b5 10.g5 Nh5 11.d5 Na5 12.Ng3 Nf4 13.h4 Rb8 14.Nxb5 axb5 15.Qxa5 b4
16.Bc4 Bh3 17.Rh2 Bg2 18.Bxf4 exf4 19.Rxg2 fxg3 20.Rxg3 Qe7 21.Rg2 Qe5 22.Kd2 f6
23.Ke2 fxg5 24.hxg5 Qf4 25.Rf2 Rbe8 26.Qa7 Qxg5 27.Qe3 Rf4 28.c3 bxc3 29.bxc3 Bh6
30.Kd3 Qg3 31.Rdf1 Bg5 32.Kc2 Rh4 33.Qe2 Bf6 34.Qd2 Rh3 35.Bd3 Ra8 36.Bc4 Qe5
37.Rg1 Bh4 38.Rff1 Rh2 39.Rg2 Bg5 40.Qe2 Rh3 41.Qd3 Rf8 42.f4 Rxf4 43.Qxh3 Qxe4+
44.Bd3 Qa4+ 45.Kb2 Bf6 46.Rxf4 Qxf4 47.Qe6+ Kg7 48.Qe4  1-0